|
|
|
|
| LEADER |
00000nam0a2200000 4500 |
| 001 |
327499 |
| 005 |
20231102003950.0 |
| 010 |
|
|
|a 9785778234659
|
| 035 |
|
|
|a (RuTPU)RU\TPU\book\353183
|
| 090 |
|
|
|a 327499
|
| 100 |
|
|
|a 20170131d2018 k y0rusy50 ca
|
| 101 |
0 |
|
|a rus
|
| 102 |
|
|
|a RU
|
| 105 |
|
|
|a a z 001zy
|
| 200 |
1 |
|
|a Теплообмен в дозвуковых отрывных потоках
|e монография
|f Новосибирский государственный технический университет ; под ред. В. И. Терехова
|
| 210 |
|
|
|a Новосибирск
|c НГТУ
|d 2018
|
| 215 |
|
|
|a 247 с.
|c ил.
|
| 225 |
1 |
|
|a Монографии НГТУ
|
| 320 |
|
|
|a Библиогр.: с. 214-242
|
| 330 |
|
|
|a Представлены результаты экспериментального и численного исследования динамических и тепловых характеристик дозвуковых отрывных потоков, образующихся за различными преградами. Рассмотрены картины обтекания обратной ступеньки, одиночного ребра и прямоугольной каверны, являющиеся в настоящее время классическими задачами аэрогидродинамики и тепломассопереноса. Последовательно изучены более сложные случаи развития отрывных течений за преградами: обтекание ребра и системы ребер, расположенных под разными углами к направлению потока, ступеньки со скошенной обратной стенкой, каверн с наклонными стенками, а также отсоединенных ребер. Исследовано влияние различных факторов на динамику отрывного течения и турбулентный теплообмен. Книга адресована научным работникам и инженерам, специализирующимся в области механики и теплофизики турбулентных течений, а также преподавателям, аспирантам и студентам высших учебных заведений.
|
| 606 |
1 |
|
|a Околозвуковые течения
|2 stltpush
|3 (RuTPU)RU\TPU\subj\46906
|9 65988
|
| 606 |
1 |
|
|a Дозвуковые потоки
|2 stltpush
|3 (RuTPU)RU\TPU\subj\79961
|
| 610 |
1 |
|
|a физика
|
| 610 |
1 |
|
|a аэродинамика
|
| 610 |
1 |
|
|a гидродинамика
|
| 610 |
1 |
|
|a отрывные течения
|
| 610 |
1 |
|
|a теплообмен
|
| 610 |
1 |
|
|a моделирование
|
| 610 |
1 |
|
|a ламинарные пограничные слои
|
| 610 |
1 |
|
|a турбулентные отрывные течения
|
| 610 |
1 |
|
|a каверны
|
| 610 |
1 |
|
|a вихреобразование
|
| 610 |
1 |
|
|a круглые трубы
|
| 610 |
1 |
|
|a монографии
|
| 675 |
|
|
|a 533.6.01
|v 4
|
| 702 |
|
1 |
|a Терехов
|b В. И.
|g Виктор Иванович
|4 340
|
| 712 |
0 |
2 |
|a Новосибирский государственный технический университет
|c (1992- )
|2 stltpush
|3 (RuTPU)RU\TPU\col\36
|9 23143
|
| 801 |
|
1 |
|a RU
|b 63413507
|c 20170131
|
| 801 |
|
2 |
|a RU
|b 63413507
|c 20200127
|g RCR
|
| 942 |
|
|
|c BK
|
| 959 |
|
|
|a 2/20170120
|d 1
|e 0
|f ЧЗТЛ:1
|